| 000 | 00438nam a2200169Ia 4500 | ||
|---|---|---|---|
| 003 | GCL | ||
| 008 | 140319s9999 xx 000 0 ara d | ||
| 040 |
_aGCL / _cGCL |
||
| 082 | 0 | 4 |
_a001.6424 _bض و |
| 100 | 1 | _aضياء فوزى | |
| 245 | 1 | 0 |
_aوورد 6 للجميع / _cضياء فوزى |
| 300 | _a321 ص | ||
| 490 | _a | ||
| 650 | 0 | 4 | _aبرامج الحاسبات الالكترونية |
| 650 | 0 | 4 | _aوورد 6 |
| 942 |
_2ddc _cBK |
||
| 999 |
_c47034 _d47034 |
||